000 00774nam a2200265 a 4500
999 _c7928
_d7928
001 7928
003 BD - JhCC
005 20180717085303.0
008 950720s1976 nyua b 001 0 eng d
020 _a0023480505
020 _a0029794005 (Internat.ed.)
035 _a(BD-JhCC)7928
040 _aBD-JhCC
_dBD-JhCC
041 _aeng
082 _bGRO 1976
_a371.26
100 1 _aGronlund, Norman Edward,
_d1920-
245 1 0 _aMeasurement and evaluation in teaching /
_cNorman E. Gronlund
250 _a5th ed
260 _aNew York :
_bMacmillan ;
_aLondon :
_bCollier Macmillan,
_c1976
300 _ax, 590 p :
_bill. ;
_c24 cm
504 _aIncludes bibliographies and indexes
650 0 _aEducational tests and measurements
942 _2ddc
_cBK